<?xml version="1.0" encoding="UTF-8"?><?xml-stylesheet type="text/xsl" href="static/style.xsl"?><OAI-PMH xmlns="http://www.openarchives.org/OAI/2.0/" xmlns:xsi="http://www.w3.org/2001/XMLSchema-instance" xsi:schemaLocation="http://www.openarchives.org/OAI/2.0/ http://www.openarchives.org/OAI/2.0/OAI-PMH.xsd"><responseDate>2026-04-18T01:27:26Z</responseDate><request verb="GetRecord" identifier="oai:www.recercat.cat:10230/68819" metadataPrefix="marc">https://recercat.cat/oai/request</request><GetRecord><record><header><identifier>oai:recercat.cat:10230/68819</identifier><datestamp>2025-12-12T02:26:37Z</datestamp><setSpec>com_2072_6</setSpec><setSpec>col_2072_452952</setSpec></header><metadata><record xmlns="http://www.loc.gov/MARC21/slim" xmlns:dcterms="http://purl.org/dc/terms/" xmlns:xsi="http://www.w3.org/2001/XMLSchema-instance" xmlns:doc="http://www.lyncode.com/xoai" xsi:schemaLocation="http://www.loc.gov/MARC21/slim http://www.loc.gov/standards/marcxml/schema/MARC21slim.xsd">
   <leader>00925njm 22002777a 4500</leader>
   <datafield ind2=" " ind1=" " tag="042">
      <subfield code="a">dc</subfield>
   </datafield>
   <datafield ind2=" " ind1=" " tag="720">
      <subfield code="a">Villanueva Benito, Guillermo</subfield>
      <subfield code="e">author</subfield>
   </datafield>
   <datafield ind2=" " ind1=" " tag="720">
      <subfield code="a">Goldberg, Ximena</subfield>
      <subfield code="e">author</subfield>
   </datafield>
   <datafield ind2=" " ind1=" " tag="720">
      <subfield code="a">Brachowicz, Nicolai</subfield>
      <subfield code="e">author</subfield>
   </datafield>
   <datafield ind2=" " ind1=" " tag="720">
      <subfield code="a">Castaño Vinyals, Gemma</subfield>
      <subfield code="e">author</subfield>
   </datafield>
   <datafield ind2=" " ind1=" " tag="720">
      <subfield code="a">Blay, Natalia</subfield>
      <subfield code="e">author</subfield>
   </datafield>
   <datafield ind2=" " ind1=" " tag="720">
      <subfield code="a">Espinosa, Ana</subfield>
      <subfield code="e">author</subfield>
   </datafield>
   <datafield ind2=" " ind1=" " tag="720">
      <subfield code="a">Davidhi, Flavia</subfield>
      <subfield code="e">author</subfield>
   </datafield>
   <datafield ind2=" " ind1=" " tag="720">
      <subfield code="a">Torres, Diego</subfield>
      <subfield code="e">author</subfield>
   </datafield>
   <datafield ind2=" " ind1=" " tag="720">
      <subfield code="a">Kogevinas, Manolis</subfield>
      <subfield code="e">author</subfield>
   </datafield>
   <datafield ind2=" " ind1=" " tag="720">
      <subfield code="a">Cid Ibeas, Rafael de</subfield>
      <subfield code="e">author</subfield>
   </datafield>
   <datafield ind2=" " ind1=" " tag="720">
      <subfield code="a">Petrone, Paula M.</subfield>
      <subfield code="e">author</subfield>
   </datafield>
   <datafield ind2=" " ind1=" " tag="260">
      <subfield code="c">2024-11-26T07:34:50Z</subfield>
   </datafield>
   <datafield ind2=" " ind1=" " tag="260">
      <subfield code="c">2024-11-26T07:34:50Z</subfield>
   </datafield>
   <datafield ind2=" " ind1=" " tag="260">
      <subfield code="c">2024</subfield>
   </datafield>
   <datafield ind2=" " ind1=" " tag="520">
      <subfield code="a">Background &amp;amp; objectives: Mental health disorders pose an increasing public health challenge worsened by the COVID-19 pandemic. The pandemic highlighted gaps in preparedness, emphasizing the need for early identification of at-risk groups and targeted interventions. This study aims to develop a risk assessment tool for anxiety, depression, and self-perceived stress using machine learning (ML) and explainable AI to identify key risk factors and stratify the population into meaningful risk profiles. Methods: We utilized a cohort of 9291 individuals from Northern Spain, with extensive post-COVID-19 mental health surveys. ML classification algorithms predicted depression, anxiety, and self-reported stress in three classes: healthy, mild, and severe outcomes. A novel combination of SHAP (SHapley Additive exPlanations) and UMAP (Uniform Manifold Approximation and Projection) was employed to interpret model predictions and facilitate the identification of high-risk phenotypic clusters. Results: The mean macro-averaged one-vs-one AUROC was 0.77 (± 0.01) for depression, 0.72 (± 0.01) for anxiety, and 0.73 (± 0.02) for self-perceived stress. Key risk factors included poor self-reported health, chronic mental health conditions, and poor social support. High-risk profiles, such as women with reduced sleep hours, were identified for self-perceived stress. Binary classification of healthy vs. at-risk classes yielded F1-Scores over 0.70. Conclusions: Combining SHAP with UMAP for risk profile stratification offers valuable insights for developing effective interventions and shaping public health policies. This data-driven approach to mental health preparedness, when validated in real-world scenarios, can significantly address the mental health impact of public health crises like COVID-19.</subfield>
   </datafield>
   <datafield tag="653" ind2=" " ind1=" ">
      <subfield code="a">COVID-19</subfield>
   </datafield>
   <datafield tag="653" ind2=" " ind1=" ">
      <subfield code="a">Machine learning</subfield>
   </datafield>
   <datafield tag="653" ind2=" " ind1=" ">
      <subfield code="a">Mental health</subfield>
   </datafield>
   <datafield tag="653" ind2=" " ind1=" ">
      <subfield code="a">Preparedness</subfield>
   </datafield>
   <datafield ind2="0" ind1="0" tag="245">
      <subfield code="a">Machine learning for anxiety and depression profiling and risk assessment in the aftermath of an emergency</subfield>
   </datafield>
</record></metadata></record></GetRecord></OAI-PMH>